Countries Surrounding Capitals that Begin with K - Statistics

General Stats
  • This quiz has been taken 25 times
  • The average score is 73 of 201
Answer Stats
Capital Country Degree angle % Correct
Kabul Iran 239°-278°
93%
Kabul Pakistan 45°-239°
93%
Kabul Tajikistan 0°-45°
93%
Kabul Turkmenistan 278°-323°
80%
Kathmandu China 0°-87°
73%
Kabul Uzbekistan 323°-336°
73%
Kyiv Belarus 0°-24°
67%
Khartoum Chad 247°-298°
67%
Kathmandu China 303°-360°
67%
Kingston Cuba 0°-49°
67%
Khartoum Egypt 0°-32°
67%
Khartoum Egypt 314°-360°
67%
Khartoum Eritrea 66°-107°
67%
Kathmandu India 87°-303°
67%
Khartoum Libya 298°-314°
67%
Kyiv Russia 24°-164°
67%
Khartoum South Sudan 165°-237°
67%
Kabul Tajikistan 336°-360°
67%
Khartoum Central African Republic 237°-247°
60%
Khartoum Ethiopia 107°-165°
60%
Kyiv Moldova 183°-231°
60%
Kyiv Poland 256°-286°
60%
Khartoum Saudi Arabia 32°-66°
60%
Kyiv Turkey 164°-183°
60%
Kingston Turks and Caicos(United Kingdom) 49°-58°(scattered)
60%
Kyiv Belarus 286°-360°
53%
Kigali Burundi 134°-237°
53%
Kuala Lumpur Cambodia 9°-20°
53%
Kingston Dominican Republic 89°-94°
53%
Kigali D. R. Congo 237°-320°
53%
Kingston Haiti 60°-89°
53%
Kuwait City Iran 45°-118°
53%
Kuwait City Iraq 0°-45°
53%
Kyiv Romania 231°-246°
53%
Kigali Tanzania 24°-134°
53%
Kuala Lumpur Thailand 0°-9°
53%
Kinshasa Angola 114°-231°
47%
Kuwait City Bahrain 142°-143°
47%
Kingston Cuba 303°-360°
47%
Kampala D. R. Congo 240°-333°
47%
Kingston Guadeloupe(France) 94°-97°(scattered)
47%
Kyiv Hungary 246°-252°
47%
Kuala Lumpur Indonesia 85°-125°
47%
Kuala Lumpur Indonesia 134°-297°
47%
Kuwait City Iraq 258°-360°
47%
Kampala Kenya 20°-132°
47%
Kinshasa Republic of the Congo 0°-62°
47%
Kinshasa Republic of the Congo 231°-360°
47%
Kampala Rwanda 237°-240°
47%
Kuwait City Saudi Arabia 143°-258°
47%
Kyiv Slovakia 252°-256°
47%
Kampala South Sudan 0°-20°
47%
Kampala South Sudan 333°-360°
47%
Kampala Tanzania 132°-237°
47%
Kigali Uganda 0°-24°
47%
Kigali Uganda 320°-360°
47%
Kuwait City United Arab Emirates 118°-119°
47%
Kuala Lumpur Vietnam 20°-41°
47%
Kingston Aruba(Netherlands) 129°
40%
Kingston Belize 262°-272°
40%
Kingston Bonaire(Netherlands) 123°-125°
40%
Kinshasa Burundi 83°-90°
40%
Kingston Cayman Islands(United Kingdom) 287°-289°
40%
Kingston Cayman Islands(United Kingdom) 299°-303°(scattered)
40%
Kingston Colombia 136°-183°
40%
Kingston Costa Rica 214°-221°
40%
Kingston Cuba 298°-299°
40%
Kingston Curaçao(Netherlands) 126°-127°
40%
Kingstown Guadeloupe &Martinique (France) 0°-11°
40%
Kingston Honduras 244°-260°
40%
Kingston Honduras 261°-262°
40%
Kuala Lumpur India 297°-324°
40%
Kuwait City Iran 119°
40%
Kuala Lumpur Japan 43°-44°
40%
Kuala Lumpur Japan 44°-46°(scattered)
40%
Kingston Martinique(France) 100°-101°
40%
Kingston Mexico 272°-287°
40%
Kingston Mexico 289°-296°
40%
Kingston Nicaragua 224°-244°
40%
Kingston Panama 183°-214°
40%
Kuala Lumpur Philippines 46°-81°(scattered)
40%
Kuwait City Qatar 136°-142°
40%
Kinshasa Rwanda 78°-83°
40%
Kingstown Saint Lucia 11°-27°
40%
Kuala Lumpur Singapore 125°-134°
40%
Kingston Spain 58°-59°
40%
Kuala Lumpur Taiwan 41°-43°
40%
Kuala Lumpur Taiwan 44°
40%
Kinshasa Tanzania 90°-104°
40%
Kuala Lumpur Thailand 324°-360°
40%
Kingston United States 296°-298°
40%
Kingston Venezuela 115°-123°
40%
Kingston Venezuela 125°-126°
40%
Kingston Venezuela 127°-129°
40%
Kingston Venezuela 129°-136°
40%
Kinshasa Zambia 104°-114°
40%
Kingston Angola 97°
33%
Kingston Angola 99°-100°
33%
Kingston Angola 101°-103°
33%
Kuala Lumpur Brunei 81°-85°
33%
Kingston Colombia 221°-224°(scattered)
33%
Kingston Costa Rica 224°
33%
Kingston Dominica 97°-99°
33%
Kingston Grenada 108°-111°(scattered)
33%
Kingston Saint Vincent and theGrenadines 105°-108°(scattered)
33%
Kinshasa South Sudan 62°-63°
33%
Kingston Trinidad and Tobago 111°-112°
33%
Kinshasa Uganda 63°-78°
33%
Kuwait City United Arab Emirates 119°-136°
33%
Kingston Angola 104°-105°
27%
Kingstown Angola 99°-100°
27%
Kingstown Angola 100°-111°
27%
Kingstown Anguilla(United Kingdom) 339°-340°(scattered)
27%
Kingstown Aruba(Netherlands) 266°-267°
27%
Kingstown Ascension Island(United Kingdom) 112°
27%
Kingston Barbados 104°
27%
Kingstown Bonaire & Curaçao(Netherlands) 261°-265°
27%
Kingstown British Virgin Islands(United Kingdom) 328°-332°(scattered)
27%
Kingstown Cayman Islands(United Kingdom) 292°-293°
27%
Kingstown French Guiana(France) 132°-135°
27%
Kingstown Guadeloupe(France) 350°-354°
27%
Kingston Guatemala 260°-261°
27%
Kingstown Montserrat(United Kingdom) 345°-346°
27%
Kingston Morocco 59°-60°
27%
Kingston Namibia 108°
27%
Kingston Namibia 111°
27%
Kingston Namibia 112°-113°
27%
Kingstown Namibia 111°-112°
27%
Kingstown Namibia 112°-117°
27%
Kingstown Norway 29°
27%
Kingstown Puerto Rico &US Virgin Islands (United States) 310°-328°(scattered)
27%
Kingstown Puerto Rico(United States) 308°
27%
Kingstown Saba(Netherlands) 337°
27%
Kingstown Saint Helena(United Kingdom) 117°
27%
Kingston Saint Lucia 103°-104°
27%
Kingstown Sint Eustatius(Netherlands) 338°-339°
27%
Kingston Trinidad and Tobago 113°-115°
27%
Kingstown Turks and Caicos(United Kingdom) 310°
27%
Kingstown United Kingdom 28°-29°
27%
Kingstown Azores(Portugal) 40°-47°(scattered)
20%
Kingstown Barbados 84°-94°
20%
Kingstown Belize 280°
20%
Kingstown Belize 281°-284°
20%
Kingstown Brazil 124°-132°
20%
Kingstown Cape Verde 79°-83°(scattered)
20%
Kingstown Colombia 265°-266°
20%
Kingstown Dominica 354°-360°
20%
Kingstown Dominican Republic 295°-308°
20%
Kingstown Dominican Republic 308°-310°
20%
Kingstown D. R. Congo 100°
20%
Kingstown Equatorial Guinea 97°
20%
Kingstown France 39°-40°
20%
Kingstown Gabon 95°-96°
20%
Kingstown Gabon 96°-97°
20%
Kingstown Gabon 97°-98°
20%
Kingstown Grenada 193°-207°(scattered)
20%
Kingstown Guyana 150°-159°
20%
Kingstown Haiti 293°-295°
20%
Kingstown Honduras 278°-280°
20%
Kingstown Ireland 33°-36°
20%
Kingstown Jamaica 288°-291°
20%
Kingstown Liberia 94°-95°
20%
Kingstown Madeira(Portugal) 56°-57° (scattered)
20%
Kingstown Mauritania 73°-79°
20%
Kingstown Mexico 284°-288°
20%
Kingstown Mexico 291°-292°
20%
Kingstown Mexico 293°
20%
Kingstown Morocco 55°-56°
20%
Kingstown Morocco 57°-62°
20%
Kingstown Morocco 64°-73°
20%
Kingstown Namibia 117°-121°
20%
Kingstown Nicaragua 267°-271°
20%
Kingstown Nicaragua 271°-273°
20%
Kingstown Nicaragua 273°-278°
20%
Kingstown Portugal 47°-53°
20%
Kingstown Republic of the Congo 98°-99°
20%
Kingstown Saint Kitts and Nevis 340°-343°
20%
Kingstown São Tomé and Príncipe 96°
20%
Kingstown Senegal 83°-84°
20%
Kingstown South Africa 121°-124°
20%
Kingstown Spain 47°
20%
Kingstown Spain 53°-55°
20%
Kingstown Suriname 135°-150°
20%
Kingstown Trinidad and Tobago 159°-170°
20%
Kingstown Trinidad and Tobago 172°-192°
20%
Kingstown United Kingdom 29°-33°
20%
Kingstown United Kingdom 36°-39°
20%
Kingstown United States 332°-337°
20%
Kingstown United States 337°-338°
20%
Kingstown United States 343°-345°
20%
Kingstown United States 346°-350°
20%
Kingstown Venezuela 170°-172°
20%
Kingstown Venezuela 192°-193°
20%
Kingstown Venezuela 207°-261°
20%
Kingston Algeria 59°
13%
Kingstown Algeria 55°
13%
Kingstown Colombia 271°
13%
Kingstown Colombia 273°
13%
Kingstown Honduras 280°-281°
13%
Kingstown Norway 27°-28°
13%
Kingstown Spain 62°-64°
13%
No matching quizzes found
Score Distribution
Percent of People with Each Score
Percentile by Number Answered
Your Score History
You have not taken this quiz